| 000 | 00391nam a22001577a 4500 | ||
|---|---|---|---|
| 005 | 20260427100805.0 | ||
| 008 | 260427b |||||||| |||| 00| 0 eng d | ||
| 040 | _cPK-LaNCA | ||
| 082 |
_a080 _bKAZ |
||
| 100 | _aKazin, Alfred | ||
| 245 | _aThe open form: essays for our time | ||
| 260 |
_aHarcourt, Brace & World _bNew York _c1965 |
||
| 300 | _aix, 397p | ||
| 650 | _aEssays | ||
| 942 | _cBK | ||
| 999 |
_c67226 _d67226 |
||